O monte cinco (Record no. 42772)

MARC details
000 -Etiqueta do registo
Valores 00488cam a22001933 4500
010 ## - Número ISBN
ISBN 9727110789
100 ## - Dados gerais de processamento
Dados gerais 19961216d1996 m y0pory5003 ba
102 ## - País de publicação
País Portugal
200 1# - Titulo e menção de responsabilidade
Título próprio O monte cinco
Primeira menção de responsabilidade Paulo Coelho
205 ## - Menção da edição
Edição 1.ª ed.
210 #9 - Publicação
Local de publicação Lisboa
Nome do editor Pergaminho,
Data de publicação 1996
215 ## - Descrição física 
Paginação / Volumes 242, [6] p.
Dimensões 24 cm
225 2# - Colecção 
Título próprio da colecção Obras de Paulo Coelho
675 ## - CDU
Notação 821.134.3(81)-31"19/20"
Edição BN
Língua por
700 #1 - Autor principal (pessoa individual)
Apelido Coelho,
Nome Paulo,
Datas 1947-
801 #0 - Fonte de origem
País PT
Agência BN
Regras de catalogação RPC
990 ## - Elementos KOHA
Tipo de documento Livro
Holdings
Estado Biblioteca de origem Código de barras Cota Permissão de empréstimo Tipo de documento Empréstimo Forma de aquisição
  Biblioteca Escolar Doutor Hernâni Cidade 81672 82-31 COE ROMANCE   Livro Biblioteca Escolar Doutor Hernâni Cidade  
  Biblioteca Itinerante 048846 821.134.3(81)-3 COE   MON Biblioteca Itinerante  

Powered by Koha